01120nab a22002297a 4500999001500000003000400015005001700019008004100036040000700077100003200084245012000116260007300236300001200309500004500321505020000366505008900566650003200655650002300687650002100710773014600731942001300877 c5464d5464OSt20251113131553.0190604e xxu||||| |||| 00| 0 spa d cPJ 96115aPravato, Luis Emilio 13aNacionalidad y ciudadanía :bbreves reflexiones sobre la vigencia de la antigua ley 346 / cLuis Emilio Pravato. aCiudad Autónoma de Buenos Aires :bThomson Reuters La Ley, c2025. ap. 5-15 aCita Online: TR LALEY AR/DOC/1501/2025.  tSumario: Introducción.— II. El pensamiento de Alberdi.— III. La reforma constitucional de 1860.— IV. La ley 346.— V. La nacionalidad de la mujer casada.— VI. A modo de conclusión.  t¿Te interesa el texto completo? Solicitalo al correo: koha@justierradelfuego.gov.ar 09178aDERECHO CONSTITUCIONAL 096467aNACIONALIDAD 096468aCIUDADANIA0 0271493171dCiudad Autónoma de Buenos Aires : Thomson Reuters La Ley, 2014-tRevista anales de legislación argentina. Nº 7 - Julio 2025. 2udccANA